Random countries by proposed flag - Statistics

General Stats
  • This quiz has been taken 90 times
    68 since last reset
  • The average score is 7 of 16
Answer Stats
Picture Answer % Correct
Albania
100%
Andorra
100%
Argentina
100%
Austria
100%
Botswana
100%
Brunei
100%
Burundi
100%
Canada
100%
Cape Verde
100%
China
100%
Colombia
100%
Comoros
100%
Croatia
100%
Dominica
100%
El Salvador
100%
Ethiopia
100%
Federated States of Micronesia
100%
France
100%
Gambia
100%
Germany
100%
Iran
100%
Israel
100%
Italy
100%
Ivory Coast
100%
Kyrgyzstan
100%
Luxembourg
100%
Nauru
100%
North Macedonia
100%
Saint Lucia
100%
Saint Vincent and the Grenadines
100%
Slovenia
100%
South Korea
100%
Sri Lanka
100%
Taiwan
100%
Tajikistan
100%
Turkey
100%
United States
100%
Uruguay
100%
Vanuatu
100%
Estonia
83%
Greece
83%
Malta
80%
Azerbaijan
75%
Chad
75%
Cuba
75%
Guyana
75%
Kiribati
75%
Malawi
75%
Nepal
75%
Nicaragua
75%
Oman
75%
Zimbabwe
75%
Trinidad and Tobago
71%
Australia
67%
Bahamas
67%
Bhutan
67%
Brazil
67%
Burkina Faso
67%
Eritrea
67%
Indonesia
67%
Ireland
67%
Panama
67%
Philippines
67%
South Africa
67%
Syria
67%
Tanzania
67%
Uganda
67%
Uzbekistan
67%
Venezuela
67%
Zambia
67%
Kenya
60%
Saint Kitts and Nevis
60%
Thailand
60%
Finland
57%
Antigua and Barbuda
50%
Barbados
50%
Belize
50%
Bolivia
50%
Cambodia
50%
Czech Republic
50%
Eswatini
50%
Ghana
50%
Honduras
50%
Japan
50%
Mali
50%
Mauritius
50%
Mexico
50%
Monaco
50%
North Korea
50%
Papua New Guinea
50%
Saudi Arabia
50%
Spain
50%
Togo
50%
Ukraine
50%
Yemen
50%
Cameroon
40%
Denmark
40%
Iceland
40%
United Kingdom
40%
Bahrain
33%
Bosnia and Herzegovina
33%
Bulgaria
33%
Cyprus
33%
Dominican Republic
33%
Guinea
33%
India
33%
Laos
33%
Suriname
33%
Namibia
25%
Netherlands
25%
Serbia
25%
Sweden
25%
Tuvalu
25%
Djibouti
20%
Haiti
20%
Benin
17%
Ecuador
17%
Solomon Islands
17%
Afghanistan
0%
Angola
0%
Armenia
0%
Belarus
0%
Belgium
0%
Central African Republic
0%
Chile
0%
Costa Rica
0%
Democratic Republic of the Congo
0%
East Timor
0%
Egypt
0%
Equatorial Guinea
0%
Fiji
0%
Finland
0%
Gabon
0%
Georgia
0%
Grenada
0%
Guatemala
0%
Guinea-Bissau
0%
Hungary
0%
Iraq
0%
Jamaica
0%
Jordan
0%
Kazakhstan
0%
Kosovo
0%
Kuwait
0%
Latvia
0%
Lebanon
0%
Lesotho
0%
Liberia
0%
Libya
0%
Liechtenstein
0%
Lithuania
0%
Madagascar
0%
Malaysia
0%
Maldives
0%
Marshall Islands
0%
Mauritania
0%
Moldova
0%
Mongolia
0%
Montenegro
0%
Morocco
0%
Mozambique
0%
Myanmar
0%
New Zealand
0%
Niger
0%
Nigeria
0%
Pakistan
0%
Palau
0%
Paraguay
0%
Peru
0%
Poland
0%
Portugal
0%
Qatar
0%
Republic of the Congo
0%
Romania
0%
Russia
0%
Rwanda
0%
Samoa
0%
San Marino
0%
São Tomé and Príncipe
0%
Senegal
0%
Seychelles
0%
Sierra Leone
0%
Singapore
0%
Slovakia
0%
Somalia
0%
South Sudan
0%
Sudan
0%
Switzerland
0%
Tonga
0%
Tunisia
0%
Turkmenistan
0%
United Arab Emirates
0%
Vatican city
0%
Vietnam
0%
No matching quizzes found
Score Distribution
Percent of People with Each Score
Percentile by Number Answered
Your Score History
You have not taken this quiz since the last reset